000 01158nas a2200301 i 4500
001 2350
003 ES-MaACL
005 20250217134616.0
007 t|
008 950801d19691996sp m|yp | ||pa d
080 _a(460)
080 _a821.134.2
080 _a008
245 0 3 _aEl Urogallo :
_brevista literaria y cultural /
_cfundada por Elena Soriano.
260 _aMadrid :
_bEdiciones Prensa de la Ciudad,
_c1969-1996.
300 _a42 v. ;
_c28 cm.
310 _aMensual
362 0 _a1ª época , n. 0 (dic. 1969)-n. 36 /1975) ; 2ª época, n. 1 (mayo 1986)-n. 127 (dic. 1996)
500 _a1ª época, 1969-75.
525 _aEl n. 127 (dic. 1996) lleva el suplemento: "El Urogallo Extremadura-América"
555 _aEl Urogallo : revista literaria bimestral (1969-1975) : estudio e índices / María Jesús Soler Arteaga. - Sevilla, 2010 [BA N-4955]
655 0 _9176430
_aRevistas literarias
700 1 _aSoriano, Elena,
_d1917-1996
_9107375
852 4 _aES-MaACL
_jHEM-H-510
_cHEM
_zRevista muerta
_92391
_dOlim: HEM-1705
866 0 _o1969-(1975) 1986-1990 (1991) 1992-1996.
942 _2udc
999 _c2350
_d2350